000 00276nam a2200109Ia 4500
008 200302s9999 xx 000 0 und d
100 _aClaudia Hildner
245 _aFuture Living collective housing in Japan
260 _bBirkhauser Verlag Gmbh
260 _c2014
300 _a159
999 _c6196
_d6196